Statistics for UEFA EURO 2016 Goalscorers

Click here to take the quiz!

General Stats

  • This quiz has been taken 100 times
  • The average score is 40 of 76

Answer Stats

Player% Correct
Romelu Lukaku
98%
Eden Hazard
91%
Antoine Griezmann
83%
Cristiano Ronaldo
80%
Luka Modrić
80%
Robert Lewandowski
80%
Gareth Bale
79%
Jamie Vardy
79%
Aaron Ramsey
76%
Dimitri Payet
76%
Olivier Giroud
76%
Yannick Carrasco
76%
Ivan Perišić
74%
Mesut Özil
74%
Álvaro Morata
73%
Ivan Rakitić
73%
Renato Sanches
73%
Paul Pogba
71%
Toby Alderweireld
71%
Xherdan Shaqiri
71%
Nani
70%
Ricardo Quaresma
70%
Axel Witsel
68%
Mario Gómez
68%
Bastian Schweinsteiger
67%
Éder
67%
Éder
67%
Gerard Piqué
65%
Gylfi Sigurðsson
65%
Ragnar Sigurðsson
65%
Leonardo Bonucci
64%
Marek Hamšík
64%
Shkodran Mustafi
64%
Wayne Rooney
64%
Giorgio Chiellini
62%
Arkadiusz Milik
59%
Daniel Sturridge
59%
Graziano Pellè
59%
Eric Dier
58%
Jérôme Boateng
58%
Hal Robson-Kanu
56%
Julian Draxler
52%
Michy Batshuayi
50%
Ashley Williams
44%
Burak Yılmaz
42%
Ádám Szalai
41%
Bogdan Stancu
41%
Nikola Kalinić
41%
Nolito
39%
Sam Vokes
38%
Neil Taylor
36%
Ondrej Duda
36%
Alessandro Schöpf
33%
Armando Sadiku
33%
Admir Mehmedi
32%
Birkir Bjarnason
32%
Emanuele Giaccherini
32%
Radja Nainggolan
32%
Robbie Brady
32%
Vladimír Weiss
32%
Wes Hoolahan
32%
Fabian Schär
30%
Jakub Błaszczykowski
30%
Zoltán Gera
29%
Gareth McAuley
27%
Kolbeinn Sigþórsson
26%
Niall McGinn
26%
Ozan Tufan
24%
Tomáš Necid
23%
Denis Glushakov
18%
Milan Škoda
17%
Vasili Berezutski
15%
Zoltán Stieber
15%
Balázs Dzsudzsák
14%
Arnór Ingvi Traustason
11%
Jón Daði Böðvarsson
9%

Score Distribution

Percentile by Number Answered

Percent of People with Each Score

Your Score History

You have not taken this quiz